Elements of modern physics
Guardat en:
| Autor principal: | |
|---|---|
| Format: | Llibre |
| Idioma: | anglès |
| Publicat: |
Ane Books
2020
|
| Etiquetes: |
Afegir etiqueta
Sense etiquetes, Sigues el primer a etiquetar aquest registre!
|
MARC
| LEADER | 00000nam a22000007a 4500 | ||
|---|---|---|---|
| 008 | 210909b ||||| |||| 00| 0 eng d | ||
| 020 | |a 9789389212462 | ||
| 100 | |a JAIN, Vimal Kumar | ||
| 245 | |a Elements of modern physics |c Vimal Kumar Jain |g xii,256p;ill | ||
| 260 | |b Ane Books |c 2020 |h New Delhi |i 696998 |i 696999 |l QC23.J19 |m Physics | ||
| 500 | |a it includes index | ||
| 942 | |a lcc |c BK |e Johnson |f 09/09/21 | ||
| 952 | |0 0 |1 0 |2 lcc |4 0 |6 QC0023 J19 |7 0 |9 3518 |a SL |b HOL |c QZ |d 2021-09-09 |l 0 |o QC23.J19 |p 2021-67248 |r 2021-09-09 00:00:00 |w 2021-09-09 |y BK | ||
| 952 | |0 0 |1 0 |2 lcc |4 0 |6 QC0023 J19 |7 0 |9 3519 |a HOL |b HOL |c QZ |d 2021-09-09 |l 0 |o QC23.J19 |p 2021-67249 |r 2021-09-09 00:00:00 |w 2021-09-09 |y BK | ||
| 999 | |c 1744 |d 1744 | ||